[Event "Druga liga CS Zapad - 2017"]
[Site "Kragujevac-H"]
[Date "2017.10.05"]
[Round "6.1"]
[White "Milovanovic, Nenad"]
[Black "Kijanovic, Igor *"]
[Result "1-0"]
[WhiteElo "2146"]
[BlackElo "2106"]
[PlyCount "99"]
[EventDate "2017.09.08"]

1. e4 c5 2. Nf3 e6 3. d3 Nc6 4. g3 d6 5. Bg2 Nf6 6. O-O Be7 7. Nbd2 Bd7 8. c3
O-O 9. Qe2 Qc7 10. Re1 Ne5 11. d4 Nxf3+ 12. Nxf3 cxd4 13. Nxd4 Rac8 14. Bg5 h6
15. Bxf6 Bxf6 16. Rad1 a6 17. Rd2 Rfd8 18. Red1 b5 19. a3 Qb6 20. Bf1 Be8 21.
h4 Rc7 22. Kh2 Rb8 23. Nc2 Be7 24. Bg2 a5 25. Ra1 Qc5 26. Kg1 Bc6 27. Rad1 Bb7
28. Kh2 Ba6 29. Qf3 Rd8 30. Qe2 Qb6 31. Qg4 Rcd7 32. Kg1 Bf6 33. Qh5 Bb7 34.
Qe2 Qc5 35. Bf1 Qc6 36. Nd4 Bxd4 37. Rxd4 e5 38. Rd5 Qc4 39. Qxc4 bxc4 40. Rxa5
Bxe4 41. Bxc4 d5 42. Bb5 Rd6 43. Ra6 d4 44. Rxd6 Rxd6 45. c4 d3 46. Rd2 Kf8 47.
c5 Rd8 48. f3 Bf5 49. Kf2 Ke7 50. Ke3 1-0

[Event "Druga liga CS Zapad - 2017"]
[Site "Kragujevac-H"]
[Date "2017.10.05"]
[Round "6.1"]
[White "Brajovic, Miroljub"]
[Black "Markovic, Dragan P"]
[Result "1/2-1/2"]
[WhiteElo "2086"]
[BlackElo "2189"]
[PlyCount "80"]
[EventDate "2017.09.08"]

1. e4 c6 2. d4 d5 3. e5 Bf5 4. Bd3 Bxd3 5. Qxd3 e6 6. Ne2 Qb6 7. O-O Qa6 8. Qf3
Nd7 9. b3 Ne7 10. Ng3 c5 11. c3 Nc6 12. Bb2 cxd4 13. cxd4 g6 14. Nd2 Qb6 15.
Qe3 h5 16. Rfd1 Nb4 17. Qc3 Nc6 18. Nf3 Be7 19. h3 Kf8 20. Qe3 Kg7 21. Qf4 Qd8
22. a3 Na5 23. Rd3 Rc8 24. Rc1 Rxc1+ 25. Bxc1 Nc6 26. Ne2 Qf8 27. b4 a6 28. h4
Qd8 29. Qg3 Qb6 30. Ng5 Nd8 31. Rf3 Qc6 32. Be3 Qc2 33. Nf4 Nf8 34. Kh2 Kg8 35.
Nfh3 Kg7 36. Nf4 Kg8 37. Nfh3 Kg7 38. Rf4 Qd1 39. Rf3 Qc2 40. Rf4 Qd1 1/2-1/2

[Event "Druga liga CS Zapad - 2017"]
[Site "Kragujevac-H"]
[Date "2017.10.05"]
[Round "6.1"]
[White "Simic, Goran S"]
[Black "Vizlina, Branisa"]
[Result "1/2-1/2"]
[WhiteElo "2072"]
[BlackElo "2068"]
[PlyCount "21"]
[EventDate "2017.09.08"]

1. d4 Nf6 2. Nf3 g6 3. g3 Bg7 4. Bg2 O-O 5. O-O d6 6. c4 c6 7. Nc3 Bf5 8. Ne1
Qc8 9. e4 Bg4 10. f3 Be6 11. d5 1/2-1/2

[Event "Druga liga CS Zapad - 2017"]
[Site "Kragujevac-H"]
[Date "2017.10.05"]
[Round "6.1"]
[White "Musovic, Sabrija"]
[Black "Osatovic, Aleksandar"]
[Result "0-1"]
[WhiteElo "2037"]
[BlackElo "2138"]
[PlyCount "76"]
[EventDate "2017.09.08"]

1. e4 e5 2. Nf3 Nc6 3. Bb5 a6 4. Ba4 Nf6 5. O-O b5 6. Bb3 Be7 7. Re1 O-O 8. c3
d5 9. exd5 Nxd5 10. Nxe5 Nxe5 11. Rxe5 c6 12. d4 Bd6 13. Re1 Qh4 14. g3 Qh3 15.
Be3 Bg4 16. Qd3 f5 17. f4 g5 18. Qf1 Qh5 19. Nd2 Kh8 20. Bxd5 cxd5 21. a4 Rae8
22. axb5 Rxe3 23. Rxe3 gxf4 24. gxf4 axb5 25. Ra6 Qh6 26. Rxd6 Qxd6 27. h3 Bh5
28. Nb3 b4 29. Nc5 bxc3 30. bxc3 Qf6 31. Qf2 Rg8+ 32. Kh2 Qd6 33. Re6 Qb8 34.
Re5 Qb1 35. Re1 Qb5 36. Qe3 Qb2+ 37. Re2 Qxe2+ 38. Qxe2 Bxe2 0-1

[Event "Druga liga CS Zapad - 2017"]
[Site "Kragujevac-H"]
[Date "2017.10.05"]
[Round "?"]
[White "Stojanovic, Marko"]
[Black "Grubisic, Ilija"]
[Result "1/2-1/2"]
[WhiteElo "2267"]
[BlackElo "2324"]
[PlyCount "81"]
[EventDate "2017.09.08"]

1. e4 c5 2. Nc3 a6 3. Nf3 d6 4. d4 cxd4 5. Nxd4 Nf6 6. a3 g6 7. Be2 Bg7 8. O-O
O-O 9. Be3 Nbd7 10. f4 Qc7 11. Nd5 Nxd5 12. exd5 Nf6 13. c4 e6 14. dxe6 fxe6
15. Rc1 e5 16. Nc2 Be6 17. fxe5 dxe5 18. Nb4 Rad8 19. Qb3 Rd7 20. Nd3 Rdf7 21.
Bb6 Qb8 22. Nc5 Bf5 23. Qe3 e4 24. Nb3 Nd7 25. Bd4 Ne5 26. h3 h5 27. Ba7 Qc8
28. Nd4 Nc6 29. Nxc6 Qxc6 30. b3 Kh7 31. Rcd1 Bh6 32. Qb6 Qe8 33. Qd6 e3 34.
Rd5 Rf6 35. Qe5 Re6 36. Qg3 Bc2 37. Rxf8 Bxf8 38. Qc7+ Re7 39. Qf4 Bh6 40. Qg3
Bxb3 41. Bc5 1/2-1/2

[Event "Druga liga CS Zapad - 2017"]
[Site "Kragujevac-H"]
[Date "2017.10.05"]
[Round "?"]
[White "Cukanovic, Petar"]
[Black "Bircakovic, Mile"]
[Result "1-0"]
[WhiteElo "2158"]
[BlackElo "2212"]
[PlyCount "62"]
[EventDate "2017.09.08"]

1. e4 e5 2. Nf3 Nc6 3. d4 exd4 4. Bc4 Nf6 5. e5 d5 6. Bb5 Ne4 7. Nxd4 Bd7 8.
Bxc6 bxc6 9. O-O Be7 10. f3 Ng5 11. f4 Ne4 12. Nc3 Nxc3 13. bxc3 c5 14. Nb3 c4
15. Nd4 c5 16. Ne2 d4 17. cxd4 Bg4 18. d5 Bxe2 19. Qxe2 Qxd5 20. Bb2 O-O 21.
Rad1 Qb7 22. Bc3 Qa6 23. f5 Rfe8 24. e6 fxe6 25. Qg4 e5 26. Bxe5 Bf6 27. Rd6
Qb7 28. Bxf6 Qe4 29. Qg3 Rf8 30. Re6 g6 31. fxg6 h5 1-0

[Event "Druga liga CS Zapad - 2017"]
[Site "Kragujevac-H"]
[Date "2017.10.05"]
[Round "?"]
[White "Ilic, Zdravko"]
[Black "Nikolic, Vojkan"]
[Result "1/2-1/2"]
[WhiteElo "2145"]
[BlackElo "2105"]
[PlyCount "26"]
[EventDate "2017.09.08"]

1. e4 c5 2. Nf3 g6 3. c4 Nc6 4. Nc3 Bg7 5. g3 d6 6. Bg2 Nf6 7. O-O Bg4 8. h3
Bxf3 9. Bxf3 O-O 10. Bg2 Re8 11. Rb1 a6 12. a4 Nd7 13. f4 Nd4 1/2-1/2

[Event "Druga liga CS Zapad - 2017"]
[Site "Kragujevac-H"]
[Date "2017.10.05"]
[Round "?"]
[White "Gajic, Sladjan *"]
[Black "Savic, Petar A"]
[Result "0-1"]
[WhiteElo "2056"]
[BlackElo "2078"]
[PlyCount "157"]
[EventDate "2017.09.08"]

1. e4 e5 2. Nf3 d6 3. d4 exd4 4. Qxd4 Nc6 5. Bb5 Bd7 6. Bxc6 Bxc6 7. Nc3 Nf6 8.
Bg5 Be7 9. O-O-O O-O 10. h4 Qc8 11. Nd2 h6 12. Be3 Ng4 13. f3 Bf6 14. Qd3 Nxe3
15. Qxe3 Qe6 16. Nb3 a5 17. Kb1 a4 18. Nd4 Qc4 19. a3 Rfe8 20. Qd3 Qxd3 21.
Rxd3 Bd7 22. Nd5 Bd8 23. g3 Ra5 24. Rhd1 Be6 25. Ne3 Bf6 26. Nxe6 fxe6 27. f4
Rb5 28. c3 Rc5 29. Ng4 h5 30. Nf2 Kf7 31. Re3 Rb5 32. Kc2 e5 33. f5 Ra8 34.
Red3 Be7 35. Rd5 Rb3 36. R5d3 Ra6 37. c4 Rbb6 38. Rc3 Ra8 39. Nd3 c5 40. Ne1
Rg8 41. Rf3 g6 42. fxg6+ Ke6 43. Rdd3 Rxg6 44. Rde3 Rg4 45. Nd3 Rb3 46. Nf2
Rxe3 47. Rxe3 Rg7 48. Rf3 Bd8 49. Kd3 Ba5 50. Ke2 Kd7 51. Nh1 Kc6 52. Rf5 Rh7
53. Rg5 b5 54. cxb5+ Kxb5 55. Nf2 Kc4 56. Rg6 Rb7 57. Nd1 Rb3 58. Rxd6 Rxg3 59.
Ne3+ Kb3 60. Rd5 Rh3 61. Rxe5 Rh2+ 62. Kf3 Rxh4 63. Nf5 Rh2 64. Rxc5 Be1 65.
Rb5+ Ka2 66. e5 Rf2+ 67. Ke4 Re2+ 68. Kd3 Rd2+ 69. Ke3 Rd8 70. Ke2 Bd2 71. e6
Bg5 72. e7 Re8 73. Rb7 h4 74. Kf3 h3 75. Kg3 Rh8 76. Kg4 h2 77. Ng3 Bf6 78. Kf5
Bxb2 79. Rb5 0-1

[Event "Druga liga CS Zapad - 2017"]
[Site "Kragujevac-H"]
[Date "2017.10.05"]
[Round "?"]
[White "Rikalovic, Milan"]
[Black "Stevcic, Slobodan"]
[Result "1-0"]
[WhiteElo "2028"]
[BlackElo "2140"]
[PlyCount "95"]
[EventDate "2017.09.08"]

1. e4 e6 2. f4 d5 3. e5 c5 4. Bb5+ Nc6 5. Bxc6+ bxc6 6. d3 Qb6 7. c4 Ne7 8. Nc3
Nf5 9. Nf3 Be7 10. O-O Nd4 11. Na4 Nxf3+ 12. Qxf3 Qb4 13. b3 O-O 14. Qe2 f6 15.
Bd2 Qb7 16. Qe3 d4 17. Qe4 Qc7 18. Rae1 Bd7 19. exf6 Rxf6 20. f5 Bd6 21. fxe6
Rxe6 22. Qh4 Rxe1 23. Bxe1 Re8 24. Bg3 Bxg3 25. hxg3 Qe5 26. Qf4 Qe7 27. Kh2
Rd8 28. Qh4 g5 29. Qh6 Re8 30. Rf6 Qe5 31. Rd6 Re7 32. Qf6 Qxf6 33. Rxf6 Re5
34. Rd6 Bf5 35. Rxc6 Bxd3 36. Rxc5 Re2 37. Rxg5+ Kf7 38. Nc5 Bb1 39. Rd5 Rd2
40. a4 Bc2 41. a5 Kf6 42. b4 Bf5 43. b5 d3 44. b6 axb6 45. axb6 Rb2 46. b7 Bg4
47. Rxd3 Ke7 48. Rb3 1-0

[Event "Druga liga CS Zapad - 2017"]
[Site "Kragujevac-H"]
[Date "2017.10.05"]
[Round "6.3"]
[White "Vuckovic, Branko"]
[Black "Sandic, Vladeta"]
[Result "1/2-1/2"]
[WhiteElo "2260"]
[BlackElo "2337"]
[PlyCount "51"]
[EventDate "2017.09.08"]

1. e4 c6 2. d4 d5 3. Nc3 dxe4 4. Nxe4 Bf5 5. Ng3 Bg6 6. h4 h6 7. Nf3 Nd7 8. h5
Bh7 9. Bd3 Bxd3 10. Qxd3 e6 11. Bf4 Qa5+ 12. Nd2 Ngf6 13. c4 Be7 14. Qc3 Qxc3
15. bxc3 O-O 16. Rb1 b6 17. f3 c5 18. Nge4 Rac8 19. Ke2 Rc6 20. g4 cxd4 21.
cxd4 Rd8 22. Rb5 Rcc8 23. Nd6 Bxd6 24. Bxd6 Nb8 25. Bxb8 Rxb8 26. Ke3 1/2-1/2

[Event "Druga liga CS Zapad - 2017"]
[Site "Kragujevac-H"]
[Date "2017.10.05"]
[Round "6.3"]
[White "Ivanovic, Dragutin"]
[Black "Bugarcic, Ivan"]
[Result "1-0"]
[WhiteElo "2293"]
[BlackElo "2150"]
[PlyCount "101"]
[EventDate "2017.09.08"]

1. Nf3 g6 2. g3 Bg7 3. Bg2 Nf6 4. O-O d5 5. c4 c6 6. Qc2 O-O 7. d3 d4 8. b4 Re8
9. Bb2 e5 10. Nbd2 a5 11. a3 Na6 12. b5 Nc5 13. Ng5 Bg4 14. Nde4 Ncxe4 15. Nxe4
cxb5 16. cxb5 Rc8 17. Qd2 Nd5 18. h3 Bf5 19. a4 Bf8 20. Rac1 Bb4 21. Qh6 Bxe4
22. Bxe4 Qd6 23. h4 Bc3 24. Rb1 f5 25. Bxf5 Rc7 26. Be4 Nf6 27. Bf3 e4 28. dxe4
Nxe4 29. Bc1 Rf7 30. Bf4 Rxf4 31. Qxf4 Qxf4 32. gxf4 Nd2 33. Bxb7 Nxb1 34. Rxb1
Rxe2 35. Bf3 Rb2 36. Rxb2 Bxb2 37. Be4 Bc1 38. f5 gxf5 39. Bxf5 h6 40. Kf1 Kf7
41. Ke2 Kf6 42. Be4 Ke5 43. Kd3 Ba3 44. b6 Bc5 45. b7 Ba7 46. h5 Kf4 47. f3 Bb8
48. Kxd4 Kg5 49. Bg6 Kf4 50. Kc5 Kxf3 51. Kc6 1-0

[Event "Druga liga CS Zapad - 2017"]
[Site "Kragujevac-H"]
[Date "2017.10.05"]
[Round "6.3"]
[White "Naskovic, Filip"]
[Black "Mladenovic, Sasa D"]
[Result "1-0"]
[WhiteElo "2201"]
[BlackElo "2273"]
[PlyCount "53"]
[EventDate "2017.09.08"]

1. e4 e6 2. d4 d5 3. Nd2 Nc6 4. Ngf3 Nf6 5. e5 Nd7 6. Be2 Be7 7. O-O O-O 8. Re1
f6 9. exf6 Bxf6 10. c3 e5 11. Qb3 Nb6 12. dxe5 Nxe5 13. Nxe5 Bxe5 14. Nf3 Bf6
15. Be3 c6 16. Rad1 Qc7 17. h3 Be6 18. Bd3 Bf7 19. Qc2 g6 20. h4 Be8 21. Ng5
Bf7 22. h5 Kg7 23. Nxh7 Kxh7 24. hxg6+ Kg7 25. gxf7 Qxf7 26. Qe2 Rh8 27. Qg4+
1-0

[Event "Druga liga CS Zapad - 2017"]
[Site "Kragujevac-H"]
[Date "2017.10.05"]
[Round "6.3"]
[White "Vujic, Luka"]
[Black "Kolarevic, Darko"]
[Result "1/2-1/2"]
[WhiteElo "2191"]
[BlackElo "2182"]
[PlyCount "69"]
[EventDate "2017.09.08"]

1. c4 Nf6 2. g3 g6 3. Bg2 Bg7 4. Nc3 O-O 5. d4 d6 6. h3 c5 7. dxc5 dxc5 8. Qxd8
Rxd8 9. Be3 Nc6 10. Bxc5 Be6 11. Nf3 Bxc4 12. Nd2 Be6 13. e4 Nd7 14. Ba3 Nde5
15. Nd5 Nd3+ 16. Ke2 Nxb2 17. Bxb2 Bxb2 18. Rab1 Bg7 19. Rxb7 Rac8 20. Rc1 Nd4+
21. Kd1 Rxc1+ 22. Kxc1 Bxd5 23. exd5 e6 24. Rxa7 exd5 25. Ra5 Ne2+ 26. Kd1 Nc3+
27. Kc2 Bf6 28. Kd3 Kg7 29. a4 d4 30. Ra7 Nd1 31. Ne4 Nb2+ 32. Kd2 Nc4+ 33. Kd1
Nb2+ 34. Kd2 Nc4+ 35. Kd1 1/2-1/2

[Event "Druga liga CS Zapad - 2017"]
[Site "Kragujevac-H"]
[Date "2017.10.05"]
[Round "6.3"]
[White "Gavrilovic, Vladan"]
[Black "Zivanovic, Bojan *"]
[Result "0-1"]
[WhiteElo "2199"]
[BlackElo "2063"]
[PlyCount "120"]
[EventDate "2017.09.08"]

1. d4 Nf6 2. c4 c5 3. e3 e6 4. Nc3 Be7 5. Nf3 O-O 6. Be2 b6 7. d5 exd5 8. cxd5
d6 9. O-O Bg4 10. h3 Bxf3 11. Bxf3 Re8 12. e4 Nbd7 13. g3 Rb8 14. a4 Bf8 15.
Re1 a6 16. Be2 Qc8 17. Bf1 c4 18. Bg5 Qc5 19. Kg2 g6 20. f3 Bg7 21. Qc2 Qc7 22.
Na2 b5 23. Nb4 Nc5 24. Nc6 Ra8 25. a5 Nfd7 26. Be3 Nb3 27. Ra3 Ndc5 28. Bf2 Qd7
29. Rd1 Rac8 30. Ra2 h6 31. h4 h5 32. Kh2 Kh7 33. Bh3 Qc7 34. Bxc8 Rxc8 35. Ra3
Qb7 36. Bxc5 Nxc5 37. Re3 Na4 38. Rb1 Nc5 39. Rd1 Na4 40. b3 cxb3 41. Qxb3 Re8
42. Qb4 Qd7 43. Rde1 Bh6 44. f4 Bg7 45. R1e2 Bf8 46. Qd2 f6 47. Qd4 Bg7 48. Qa7
Qg4 49. Qxa6 g5 50. Qxb5 gxf4 51. Qxa4 fxe3 52. Rxe3 Bh6 53. Re1 Bd2 54. Rg1
Rxe4 55. Qc2 f5 56. Rg2 Bf4 57. Qf2 Be3 58. Qf1 f4 59. a6 fxg3+ 60. Rxg3 Bf4
0-1

[Event "Druga liga CS Zapad - 2017"]
[Site "Kragujevac-H"]
[Date "2017.10.05"]
[Round "6.3"]
[White "Bojic, Zoran"]
[Black "Jovic, Slavko *"]
[Result "0-1"]
[WhiteElo "2089"]
[BlackElo "1932"]
[PlyCount "172"]
[EventDate "2017.09.08"]

1. e4 c5 2. Nf3 e6 3. d4 cxd4 4. Nxd4 Nf6 5. Nc3 Nc6 6. Be3 Bb4 7. f3 d5 8.
Nxc6 bxc6 9. e5 Nd7 10. f4 c5 11. Bd2 a6 12. Be2 Bb7 13. Bf3 Rb8 14. a3 Bxc3
15. bxc3 Nb6 16. O-O O-O 17. Be3 Qc7 18. Re1 Nc4 19. Bf2 Qa5 20. Qd3 Bc6 21. f5
Rb2 22. Bg4 Bd7 23. f6 g6 24. h4 Kh8 25. h5 g5 26. h6 Rg8 27. Bh5 Be8 28. Re2
Qc7 29. Bg3 Bb5 30. a4 Bc6 31. Bf2 Be8 32. Qf3 Qb6 33. Kh2 Qc7 34. Bg3 Qa5 35.
Bg4 Bd7 36. Bh5 Be8 37. Qd3 Qb6 38. Ree1 Qb7 39. Qd1 Qb6 40. Qe2 Qb7 41. Rec1
Qb8 42. Qe1 Qb6 43. Rcb1 Qb8 44. Rxb2 Qxb2 45. Rb1 Qxc2 46. Rb7 Qxa4 47. Qb1
Nxe5 48. Bd1 Qc4 49. Bxe5 Qh4+ 50. Kg1 Qe1+ 51. Kh2 Qh4+ 52. Kg1 Qe1+ 53. Kh2
Qxe5+ 54. Kg1 Qxf6 55. Bh5 g4 56. Qe1 Qf5 57. Qf1 Qxf1+ 58. Kxf1 Rf8 59. Bxg4
Bb5+ 60. Kf2 Kg8 61. Bh5 Bd3 62. Ra7 Bg6 63. Be2 Rd8 64. Rxa6 Kf8 65. Rc6 c4
66. Rc7 Bc2 67. Bh5 Bg6 68. Be2 Rb8 69. Ke3 Ke8 70. Kd4 Kd8 71. Ra7 Kc8 72. Bd1
Rb7 73. Ra8+ Kc7 74. Kc5 Kd7 75. g4 Rc7+ 76. Kd4 Kd6 77. Ba4 e5+ 78. Ke3 d4+
79. cxd4 exd4+ 80. Kxd4 c3 81. Rd8+ Ke7 82. Re8+ Kf6 83. Bb5 c2 84. Re5 Be4 85.
Kxe4 c1=Q 86. g5+ Qxg5 0-1

[Event "Druga liga CS Zapad - 2017"]
[Site "Kragujevac-H"]
[Date "2017.10.05"]
[Round "?"]
[White "Vasic, Vladimir"]
[Black "Boskovic, Drasko"]
[Result "1/2-1/2"]
[WhiteElo "2193"]
[BlackElo "2446"]
[PlyCount "80"]
[EventDate "2017.09.08"]

1. e4 c5 2. Nf3 Nc6 3. d4 cxd4 4. Nxd4 Qc7 5. Be3 Nf6 6. Nc3 e6 7. a3 a6 8. Be2
b5 9. Nxc6 dxc6 10. f4 b4 11. axb4 Bxb4 12. Bf3 O-O 13. O-O e5 14. fxe5 Nd7 15.
e6 fxe6 16. Na4 a5 17. c3 Bd6 18. h3 Ba6 19. Be2 Rxf1+ 20. Bxf1 Bxf1 21. Qxf1
Ne5 22. Nb6 Rf8 23. Qe2 Qf7 24. Rf1 Qg6 25. Rxf8+ Bxf8 26. Bd4 Nf7 27. Qg4 Qxg4
28. hxg4 e5 29. Be3 Nd6 30. Bc5 Nxe4 31. Bxf8 Kxf8 32. Nd7+ Ke7 33. Nxe5 Kd6
34. Nc4+ Kc5 35. Nxa5 Kb5 36. Nb3 Kc4 37. Na5+ Kb5 38. Nb3 c5 39. Kf1 Kc4 40.
Nc1 Nf6 1/2-1/2

[Event "Druga liga CS Zapad - 2017"]
[Site "Kragujevac-H"]
[Date "2017.10.05"]
[Round "?"]
[White "Misailovic, Nebojsa"]
[Black "Dimitrijevic, Milorad"]
[Result "1/2-1/2"]
[WhiteElo "2368"]
[BlackElo "2201"]
[PlyCount "60"]
[EventDate "2017.09.08"]

1. e4 e5 2. Nf3 Nc6 3. Bb5 a6 4. Ba4 Nf6 5. d3 b5 6. Bb3 Bc5 7. O-O Bb7 8. Nxe5
Nxe5 9. d4 Bxd4 10. Qxd4 d6 11. c4 c5 12. Qd1 O-O 13. Bg5 h6 14. Bh4 Bxe4 15.
Nc3 Bc6 16. cxb5 axb5 17. Bd5 g5 18. Bxc6 Nxc6 19. Bg3 Nd4 20. f4 b4 21. fxg5
hxg5 22. Ne2 Nd5 23. Nxd4 Ne3 24. Qh5 Nxf1 25. Nf5 Nxg3 26. hxg3 Ra7 27. Nh6+
Kg7 28. Nf5+ Kg8 29. Nh6+ Kg7 30. Nf5+ Kg8 1/2-1/2

[Event "Druga liga CS Zapad - 2017"]
[Site "Kragujevac-H"]
[Date "2017.10.05"]
[Round "?"]
[White "Dolovic, Dusko"]
[Black "Vlatkovic, Sinisa"]
[Result "0-1"]
[WhiteElo "2239"]
[BlackElo "2254"]
[PlyCount "80"]
[EventDate "2017.09.08"]

1. d4 d6 2. Nf3 Nf6 3. g3 Bf5 4. Bg2 c6 5. O-O Nbd7 6. c4 e5 7. Nc3 Ne4 8. Qb3
Qb6 9. Na4 Qxb3 10. axb3 Be7 11. Be3 O-O 12. Nc3 Nxc3 13. bxc3 a6 14. Bc1 Rfe8
15. e3 h6 16. Nd2 Bd3 17. Re1 f5 18. Bf1 Bxf1 19. Kxf1 e4 20. Ba3 c5 21. b4 b6
22. Reb1 Ra7 23. Ra2 Kf7 24. Rba1 g5 25. Bc1 Nb8 26. Nb3 Rc8 27. Nd2 Bf6 28.
Rb1 Nd7 29. Rba1 Rca8 30. Nb3 Be7 31. Ba3 a5 32. Bc1 Bd8 33. Ke2 g4 34. Kf1 h5
35. Kg2 Ke6 36. Bb2 Bc7 37. Bc1 Bd8 38. Bb2 Ra6 39. Bc1 Nf8 40. bxc5 dxc5 0-1

[Event "Druga liga CS Zapad - 2017"]
[Site "Kragujevac-H"]
[Date "2017.10.05"]
[Round "?"]
[White "Pecinar, Zoran"]
[Black "Bezarevic, Branko"]
[Result "1/2-1/2"]
[WhiteElo "2158"]
[BlackElo "2200"]
[PlyCount "64"]
[EventDate "2017.09.08"]

1. Nf3 Nf6 2. c4 e6 3. g3 d5 4. Bg2 Be7 5. O-O O-O 6. Qc2 Nbd7 7. b3 b6 8. Bb2
Bb7 9. cxd5 Nxd5 10. Nc3 Nxc3 11. Bxc3 Qc8 12. Rac1 c5 13. Qb2 Nf6 14. Be5 Qd7
15. Rfd1 Rac8 16. d3 Rfd8 17. Rd2 Ne8 18. Rdc2 f6 19. Bc3 e5 20. b4 cxb4 21.
Bxb4 Bxb4 22. Qxb4 Rxc2 23. Rxc2 Rc8 24. Rxc8 Bxc8 25. Nd2 g6 26. Qc4+ Kg7 27.
Bc6 Qe7 28. Bxe8 Qxe8 29. Qc7+ Qd7 30. Qb8 Qb7 31. Qd6 Qd7 32. Qb8 Qb7 1/2-1/2

[Event "Druga liga CS Zapad - 2017"]
[Site "Kragujevac-H"]
[Date "2017.10.05"]
[Round "?"]
[White "Jelisavcic, Srdjan"]
[Black "Knezevic, Veljko **"]
[Result "1-0"]
[WhiteElo "2078"]
[BlackElo "2105"]
[PlyCount "77"]
[EventDate "2017.09.08"]

1. e4 c5 2. d4 cxd4 3. Qxd4 Nc6 4. Qe3 g6 5. Nc3 Bg7 6. Bc4 Nf6 7. Nf3 d6 8.
O-O O-O 9. Nd5 Bg4 10. h3 Bxf3 11. Qxf3 Nd4 12. Nxf6+ Bxf6 13. Qd1 Rc8 14. Bd3
Qc7 15. c3 Ne6 16. Be3 Rfd8 17. Bc2 b5 18. a3 a5 19. Bd3 Rb8 20. Rc1 Qb7 21. b4
Rdc8 22. Qd2 Qa6 23. a4 axb4 24. Bxb5 Qb7 25. cxb4 Qxe4 26. Rxc8+ Rxc8 27. Bd3
Qa8 28. Qa2 Bc3 29. Qb3 Nd4 30. Qa3 Qd5 31. Ba6 Rc7 32. b5 Ba5 33. Qb2 Bb6 34.
a5 Rc2 35. Qb1 Ne2+ 36. Kh1 Ng3+ 37. Kg1 Ne2+ 38. Kh2 Qe5+ 39. g3 1-0

[Event "Druga liga CS Zapad - 2017"]
[Site "Kragujevac-H"]
[Date "2017.10.05"]
[Round "?"]
[White "Zivanic, Slobodan"]
[Black "Djokic, Mihailo **"]
[Result "1/2-1/2"]
[WhiteElo "2095"]
[BlackElo "1991"]
[PlyCount "59"]
[EventDate "2017.09.08"]

1. e4 c5 2. Nf3 d6 3. d4 cxd4 4. Nxd4 Nf6 5. Nc3 g6 6. Bc4 Bg7 7. O-O O-O 8.
Bb3 Nc6 9. Be3 Bd7 10. h3 Rc8 11. Re1 Na5 12. Qd3 a6 13. Rad1 b5 14. Bg5 h6 15.
Bc1 Nc4 16. a4 Qb6 17. axb5 axb5 18. Nce2 Rfd8 19. Bxc4 bxc4 20. Qe3 e5 21. Nf3
Qxe3 22. Bxe3 Nxe4 23. Bb6 Re8 24. Nh2 Rb8 25. Bc7 Rxb2 26. Nc1 f5 27. f3 Nc3
28. Rxd6 Be6 29. Rc6 Rxc2 30. Kf1 1/2-1/2

[Event "Druga liga CS Zapad - 2017"]
[Site "Kragujevac-H"]
[Date "2017.10.05"]
[Round "?"]
[White "Ilic, Milenko"]
[Black "Cvijovic, Marko *"]
[Result "0-1"]
[WhiteElo "1859"]
[BlackElo "1535"]
[PlyCount "106"]
[EventDate "2017.09.08"]

1. e4 c6 2. d4 d5 3. Nd2 dxe4 4. Nxe4 Nd7 5. Nf3 Ngf6 6. Nxf6+ Nxf6 7. Bd3 e6
8. O-O Bd6 9. c3 h6 10. h3 b6 11. Be3 Bb7 12. Rc1 O-O 13. Qd2 Re8 14. Bb1 Bf8
15. Rfd1 Nd5 16. Qc2 g6 17. Bd2 Bg7 18. Ne5 Qf6 19. Ng4 Qh4 20. Kh2 h5 21. g3
Qe7 22. Ne5 c5 23. c4 Nc7 24. Bf4 Rac8 25. dxc5 Qxc5 26. Nxf7 Qc6 27. f3 Qxf3
28. Rf1 Qc6 29. Nd6 e5 30. Nxe8 exf4 31. Nxg7 fxg3+ 32. Kxg3 Kxg7 33. Qc3+ Kh6
34. Qe3+ g5 35. Rf3 Qd6+ 36. Kg2 Bxf3+ 37. Qxf3 Rf8 38. Rd1 Qc5 39. Qg3 Ne6 40.
Rd6 Rf6 41. Rd2 Qxc4 42. Qb8 Qf1+ 43. Kh2 Rf2+ 44. Rxf2 Qxf2+ 45. Kh1 Qf1+ 46.
Kh2 Qxb1 47. Qh8+ Kg6 48. h4 Qc2+ 49. Kh1 Qd1+ 50. Kh2 Qe2+ 51. Kh1 Qe1+ 52.
Kg2 Nf4+ 53. Kf3 Qe2+ 0-1

[Event "Druga liga CS Zapad - 2017"]
[Site "Kragujevac-H"]
[Date "2017.10.05"]
[Round "6.5"]
[White "Toth, Aleksandar"]
[Black "Todorovic, Jovan"]
[Result "1/2-1/2"]
[WhiteElo "2357"]
[BlackElo "2377"]
[PlyCount "21"]
[EventDate "2017.09.08"]

1. e4 c5 2. Nf3 d6 3. c3 Nf6 4. h3 Nbd7 5. Bd3 b6 6. O-O Bb7 7. Re1 Rc8 8. Bc2
Qc7 9. Na3 e6 10. d4 cxd4 11. Nb5 1/2-1/2

[Event "Druga liga CS Zapad - 2017"]
[Site "Kragujevac-H"]
[Date "2017.10.05"]
[Round "6.5"]
[White "Rajkovic, Mladen **"]
[Black "Bojovic, Dusan"]
[Result "1/2-1/2"]
[WhiteElo "2295"]
[BlackElo "2240"]
[PlyCount "49"]
[EventDate "2017.09.08"]

1. e4 c5 2. Nf3 Nc6 3. d4 cxd4 4. Nxd4 g6 5. c4 Bg7 6. Nc2 d6 7. Be2 Nf6 8. Nc3
O-O 9. O-O a6 10. Be3 Be6 11. f3 Qa5 12. Nd5 Bxd5 13. cxd5 Ne5 14. f4 Ned7 15.
Nd4 Rfc8 16. a4 Nc5 17. Bf3 Qb4 18. Qc2 Nfd7 19. Rad1 Nxa4 20. b3 Nac5 21. Rb1
a5 22. Bg4 Rd8 23. Qe2 a4 24. bxa4 Qxa4 25. Bf2 1/2-1/2

[Event "Druga liga CS Zapad - 2017"]
[Site "Kragujevac-H"]
[Date "2017.10.05"]
[Round "6.5"]
[White "Jovanovic, Miroslav O"]
[Black "Colovic, Dusan"]
[Result "0-1"]
[WhiteElo "2091"]
[BlackElo "2277"]
[PlyCount "80"]
[EventDate "2017.09.08"]

1. d4 d5 2. c4 e6 3. Nc3 c6 4. Nf3 dxc4 5. e3 b5 6. a4 Bb4 7. Ne5 Nf6 8. Bd2
O-O 9. Be2 a6 10. O-O Bb7 11. Bf3 Nfd7 12. Nxb5 Nxe5 13. Bxb4 Nxf3+ 14. Qxf3
axb5 15. Bxf8 Kxf8 16. axb5 Rxa1 17. Rxa1 Qb6 18. bxc6 Nxc6 19. Qe2 Na5 20. f3
f5 21. Qe1 Nc6 22. Qc3 f4 23. exf4 Nxd4 24. Kh1 Bd5 25. h3 Kf7 26. Re1 Nf5 27.
Qd2 h5 28. Kh2 h4 29. Rd1 Qa7 30. Kh1 Qe3 31. Qxe3 Nxe3 32. Rd4 Nc2 33. Rd1 Nb4
34. Kg1 Nd3 35. Rd2 Kf6 36. g4 Nxf4 37. Kf2 Nxh3+ 38. Ke3 Ng1 39. f4 h3 40. Rf2
Bg2 0-1

[Event "Druga liga CS Zapad - 2017"]
[Site "Kragujevac-H"]
[Date "2017.10.05"]
[Round "6.5"]
[White "Ravic, Nenad"]
[Black "Jovanovic, Obrad"]
[Result "1-0"]
[WhiteElo "2288"]
[BlackElo "2098"]
[PlyCount "73"]
[EventDate "2017.09.08"]

1. e4 c6 2. d4 d5 3. exd5 cxd5 4. c4 Nc6 5. Nf3 Bg4 6. cxd5 Qxd5 7. Be2 e6 8.
O-O Nf6 9. Nc3 Qd8 10. h3 Bh5 11. Be3 Be7 12. g4 Bg6 13. Ne5 O-O 14. f4 Qa5 15.
Bf3 Rac8 16. Nxg6 hxg6 17. g5 Nd7 18. a3 a6 19. b4 Qd8 20. Qb3 b5 21. d5 exd5
22. Nxd5 Bd6 23. Rad1 Re8 24. Bg4 Rb8 25. Rd3 Rb7 26. Rfd1 Qb8 27. Qc3 Nd8 28.
Qd2 Nf8 29. Nf6+ gxf6 30. Rxd6 Nde6 31. gxf6 Nh7 32. Bxe6 fxe6 33. Qg2 Nf8 34.
Rd7 Rxd7 35. Rxd7 Rd8 36. Rg7+ Kh8 37. Qg5 1-0

[Event "Druga liga CS Zapad - 2017"]
[Site "Kragujevac-H"]
[Date "2017.10.05"]
[Round "6.5"]
[White "Baralic, Nebojsa"]
[Black "Radenkovic, Aleksa *"]
[Result "1-0"]
[WhiteElo "2235"]
[BlackElo "1965"]
[PlyCount "119"]
[EventDate "2017.09.08"]

1. c4 c5 2. Nc3 Nc6 3. Nf3 g6 4. g3 Bg7 5. Bg2 d6 6. O-O Nf6 7. d4 O-O 8. d5
Na5 9. Qd3 Rb8 10. e4 a6 11. Bf4 Qc7 12. Nd2 Bd7 13. Rfe1 Nh5 14. Bg5 h6 15.
Be3 b5 16. Rac1 bxc4 17. Nxc4 Nxc4 18. Qxc4 Rxb2 19. Qxa6 Rfb8 20. Bf1 R8b7 21.
Qd3 R7b4 22. Rc2 Rxc2 23. Qxc2 Bxc3 24. Qxc3 Rxe4 25. Bxh6 Rxe1 26. Qxe1 Bf5
27. Bg5 e5 28. a4 Bc8 29. Bc4 Ng7 30. a5 Bb7 31. a6 Ba8 32. f4 exf4 33. Bxf4
Kh7 34. g4 Qd7 35. h3 Qa4 36. Qe4 Qd1+ 37. Kh2 f5 38. Qd3 Qxd3 39. Bxd3 Bxd5
40. Bxd6 c4 41. Bf1 Ne8 42. Be5 c3 43. Bxc3 Nc7 44. a7 Be4 45. Bg2 Bxg2 46.
Kxg2 fxg4 47. hxg4 Kg8 48. Ba5 Na8 49. Kf3 Kf7 50. Kf4 Kf6 51. Bd8+ Kf7 52. Kg5
Kg7 53. Ba5 Kf7 54. Kh6 Kf6 55. g5+ Kf7 56. Kh7 Kf8 57. Kxg6 Kg8 58. Kf6 Kf8
59. g6 Kg8 60. g7 1-0